MARC

LEADER 00000nam0a2200000 4500
001 89525
005 20231031103058.0
035 |a (RuTPU)RU\TPU\book\96052 
090 |a 89525 
100 |a 20060124d1987 km y0rusy50 ca 
101 0 |a rus 
102 |a RU 
105 |a a g 001zy 
200 1 |a Материалы для электротермических установок  |e справочное пособие  |f Н. В. Большакова [и др.]  |g под ред. М. Б. Гутмана 
210 |a Москва  |c Энергоатомиздат  |d 1987 
215 |a 296 с.  |c ил. 
320 |a Библиогр.: с. 283-287. 
320 |a Предм. указ.: с. 288-293. 
610 1 |a электротермические установки 
610 1 |a справочные пособия 
610 1 |a нагревательные элементы 
610 1 |a свойства 
610 1 |a конструкционные материалы 
610 1 |a эксплуатационные качества 
610 1 |a углеродосодержащие атмосферы 
610 1 |a водородосодержащие атмосферы 
610 1 |a окислительные атмосферы 
610 1 |a проектирование 
610 1 |a эксплуатация 
675 |a 621.365.036.002.3(035)  |v 3 
701 1 |a Большакова  |b Н. В. 
701 1 |a Борисанова  |b К. С. 
701 1 |a Бурцев  |b В. И. 
701 1 |a Воронкин  |b И. В. 
701 1 |a Грязнов  |b А. Г. 
701 1 |a Гутман  |b М. Б. 
701 1 |a Мальтер  |b В. Л. 
701 1 |a Орлов  |b Б. К. 
701 1 |a Сасса  |b В. С. 
701 1 |a Тишкина  |b А. С. 
701 1 |a Шумков  |b Ю. В. 
701 1 |a Шур  |b Н. Ф. 
702 1 |a Гутман  |b М. Б.  |4 340 
801 1 |a RU  |b 63413507  |c 20060124  |g PSBO 
801 2 |a RU  |b 63413507  |c 20150502  |g PSBO 
942 |c BK